Statistiques concernant Indonésie + Malaisie = 7

Cliquez ici pour prendre le quiz!

Statistiques générales

  • Ce quiz a été pris 75 fois
  • Le résultat moyen est 4 sur 7

Statistiques - réponses

Réponse% Correct
Inde
97%
Mali
80%
Laos
58%
Oman
45%
Somalie
43%
Islande
39%
Samoa
29%

Distribution des résultats

Percentile par nombre de réponses

% des personnes avec chaque résultat

Votre développement - résultats

Vous n’avez pas pris ce quiz